000 00723nam a2200229Ia 4500
001 10106
003 GE_BSU
008 181216s||||||||xx |||||||||||||| ||und||
020 _a9994059815
040 _cGE_BSU
080 _a821.353.1–1
100 _aსულაკაური,არჩილ
245 _a100 ლექსი
245 _cშემდგ.გივი სულაკაური.საგამომც.პროექტის ავტორი კახმეგ კუდავა
260 _aთბილისი
260 _bინტელექტი
260 _c2006
300 _a124გვ.20სმ.
541 _h5ლ.70თ.
653 _a100 ლექსი
942 _cBK
999 _c43378
_d43378